Bopomofo - Statistics

General Stats
  • This quiz has been taken 6 times
  • The average score is 9 of 37
Answer Stats
Hint Answer % Correct
Labial Initials b
100%
Labial Initials f
100%
Labial Initials m
100%
Labial Initials p
100%
Finals a
50%
Retroflex Initials zh
50%
Finals er
50%
Guttural Initials g
50%
Medials i
50%
Palatal Initials j
50%
Dental Initials l
50%
Retroflex Initials r
50%
Medials yu
50%
Finals ai
0%
Finals an
0%
Finals ang
0%
Finals ao
0%
Dental Silibant Initials c
0%
Retroflex Initials ch
0%
Dental Initials d
0%
Finals e
0%
Finals ei
0%
Finals en
0%
Finals eng
0%
Guttural Initials h
0%
Guttural Initials k
0%
Dental Initials n
0%
Finals o
0%
Finals ou
0%
Palatal Initials q
0%
Dental Silibant Initials s
0%
Retroflex Initials sh
0%
Dental Initials t
0%
Medials u
0%
Palatal Initials x
0%
Finals ye
0%
Dental Silibant Initials z
0%
No matching quizzes found
Score Distribution
Percent of People with Each Score
Percentile by Number Answered
Your Score History
You have not taken this quiz